000 00417nam a2200145Ia 4500
008 220217s9999||||xx |||||||||||||| ||und||
020 _a81-224-2241-1
082 _a621.395 SIN
100 _aSingh, A. K. Tiwari, M and Prakash, A
245 0 _aDigital principles switching theory
250 _a2nd
260 _aNew age international private, Ltd.
_bNew Delhi
_c2008
300 _b275
650 _aCIRCUITRY
999 _c176891
_d176891